| 000 | 00853nam a22001577a 4500 | ||
|---|---|---|---|
| 003 | OSt | ||
| 005 | 20150915110918.0 | ||
| 008 | 150915b xxu||||| |||| 00| 0 eng d | ||
| 040 | _cRUA | ||
| 082 | _aAGR LY 2001 B027 Or.1 | ||
| 100 |
_9504 _aLY, SOPHALRITH. |
||
| 245 | _aassessment of farmer's adoption of principlws and techniques of ecological system of rice intensification case study in tramkok, takeo (ការវាយតំលៃនូវការទទួូលយករបស់កសិករនូវប្រព័ន្ធប្រពលវប្បកម្មដំណាំស្រូវតាមគោលការណ៍ធម្មជាតិករណីសិក្សាស្រុកត្រាំកក់ ខេត្តតាកែវ) | ||
| 260 |
_aPhnom Penh _bRUA _c2001 |
||
| 300 |
_a36p. _bill. _c29cm. |
||
| 942 |
_2ddc _cAGR |
||
| 999 |
_c484 _d484 |
||